Septimius Severus et Senatores

Uloženo v:
Podrobná bibliografie
Hlavní autor: Okon, Danuta (Autor)
Médium: Kniha
Jazyk:angličtina
Vydáno: Uniwersytet Szczecinski 2013
Vydání:1a. ed
Témata:
Tagy: Přidat tag
Žádné tagy, Buďte první, kdo vytvoří štítek k tomuto záznamu!

MARC

LEADER 00000cam a2200000 a 4500
001 UCE0586
003 CL-VaPUC
008 140124e20130000pl |||||||||||||||||eng|d
020 |a 9788372418753 
082 0 4 |a 937.04  |b OKO  |2 21 
100 0 |a Okon, Danuta  |e author  |9 572957 
245 1 0 |a Septimius Severus et Senatores 
246 1 0 |a Septimius Severus personal policy towards senators in the light of prosopographic research. 193-211 A. D 
250 |a 1a. ed 
300 |a 147 p 
942 |c BK 
945 |d 20140124 15:34:00  |a dcastane 
260 |b Uniwersytet Szczecinski  |c 2013 
650 0 |a Historia de Roma   |9 315349 
650 0 |a Historia antigua  |9 267521 
650 0 |a Senadores  |9 403880 
650 7 |a CURIA ROMANA  |2 CL-VaPUC  |9 408565 
583 |a last modification  |c 20140124 15:34:00  |k Rodrigo Vera 
999 |c 354660  |d 354658 
952 |0 0  |1 0  |3 erb  |4 0  |6 937_040000000000000_OKO_2013  |7 0  |8 A  |9 460650  |a BIBHIS  |b BIBHIS  |i 5053234  |o 937.04 OKO 2013  |p 5053234  |r 2025-01-20  |w 2019-11-23  |y BK  |z Catalogado en:20140124  |k HIS